[Event "Treviso op-C 1st"]
[Site "Treviso"]
[Date "2017.03.17"]
[Round "1.3"]
[White "Feichter, Matthias"]
[Black "Romito, Donato"]
[Result "1/2-1/2"]
[WhiteElo "1589"]
[BlackElo "1734"]
[PlyCount "51"]
[EventDate "2017.03.17"]
[EventType "swiss"]
[EventRounds "5"]
[EventCountry "ITA"]
[SourceTitle "EXT 2024"]
[Source "ChessBase"]
[SourceDate "2023.10.10"]
[SourceVersion "1"]
[SourceVersionDate "2023.10.10"]
[SourceQuality "1"]

1. e4 Nc6 2. d4 e5 3. Nf3 exd4 4. Nxd4 Bc5 5. Be3 Qf6 6. c3 Nge7 7. Qf3 Qxf3 8. gxf3 Bb6 9. Nd2 Nxd4 10. Bxd4 Bxd4 11. cxd4 d5 12. Rc1 c6 13. b4 a6 14. h4 0-0 15. h5 Be6 16. a3 dxe4 17. fxe4 Rad8 18. Nf3 Bg4 19. Ne5 Rxd4 20. Nxg4 Rxe4+ 21. Ne3 f5 22. Bc4+ Kh8 23. Kf1 f4 24. Ng4 f3 25. Ne3 Rd8 26. Rh3 1/2-1/2

[Event "Noale Szabados Memorial-B 5th"]
[Site "Noale"]
[Date "2012.02.04"]
[Round "2"]
[White "Feichter, Matthias"]
[Black "Tomio, Dante"]
[Result "1-0"]
[WhiteElo "1661"]
[BlackElo "1792"]
[PlyCount "143"]
[EventDate "2012.02.03"]
[EventType "swiss"]
[EventRounds "5"]
[EventCountry "ITA"]
[SourceTitle "EXT 2022"]
[Source "ChessBase"]
[SourceDate "2021.10.06"]
[SourceVersion "1"]
[SourceVersionDate "2021.10.06"]
[SourceQuality "1"]

1. d4 d5 2. c4 c6 3. Nf3 Nf6 4. Nc3 a6 5. cxd5 cxd5 6. e3 Nc6 7. Be2 e6 8. 0-0 Bd6 9. a3 0-0 10. b4 e5 11. dxe5 Nxe5 12. Nxd5 Nxd5 13. Qxd5 Qc7 14. h3 Rd8 15. Qe4 Be6 16. Ng5 Bb3 17. Qxh7+ Kf8 18. Qf5 Bc2 19. Ne6+ Kg8 20. Nxc7 Bxf5 21. Nxa8 Rxa8 22. Rd1 Be7 23. Bb2 Ng6 24. Rac1 b5 25. Bd3 Bxd3 26. Rxd3 Nf8 27. Rc6 Ne6 28. Rdc3 Ra7 29. Rc2 a5 30. bxa5 Rxa5 31. R2c3 b4 32. axb4 Bxb4 33. R3c4 Rb5 34. Rg4 Be1 35. Ba3 Rf5 36. Rc2 Ra5 37. Kf1 Bxf2 38. Kxf2 Rxa3 39. h4 Ra5 40. g3 g6 41. Re4 Rf5+ 42. Kg2 Kg7 43. Rc6 Kf6 44. Rf4 Ke5 45. Rxf5+ Kxf5 46. Kf3 Ke5 47. g4 Kf6 48. Rb6 Kg7 49. Ke4 Nc5+ 50. Kd4 Nd7 51. Rb4 Nf6 52. Ke5 Nd7+ 53. Kf4 Nc5 54. Rb5 Nd3+ 55. Kf3 Ne1+ 56. Kg3 Nd3 57. e4 Kf6 58. Rd5 Nb4 59. Kf4 Ke6 60. h5 gxh5 61. gxh5 Kf6 62. e5+ Kg7 63. Rd6 Nc2 64. Kg5 Ne3 65. Rd7 Kg8 66. h6 Nc4 67. Kf6 Kh7 68. Rxf7+ Kxh6 69. e6 Nd6 70. e7 Ne8+ 71. Ke6 Kg6 72. Rf8 1-0